Name the Starting 5 of NCAA tourney winner #2 - Statistics

General Stats
  • This quiz has been taken 5 times
  • The average score is 15 of 45
Answer Stats
Hint Answer % Correct
Forward Anthony Davis
100%
Guard Kemba Walker
100%
Guard De'Andre Hunter
80%
Guard Jalen Brunson
80%
Guard Jalen Brunson
80%
Guard Josh Hart
80%
Forward Justin Jackson
80%
Guard Kyle Guy
60%
Forward Mikal Bridges
60%
Guard Shabazz Napier
60%
Forward Terrence Jones
60%
Center Jahlil Okafor
40%
Forward Kennedy Meeks
40%
Forward Mamadi Diakite
40%
Guard Peyton Siva
40%
Guard Russ Smith
40%
Guard Ryan Arcidiacono
40%
Guard Ty Jerome
40%
Guard Tyus Jones
40%
Forward Chane Behanan
20%
Forward Daniel Ochefu
20%
Forward Eric Paschall
20%
Center Gorgui Deng
20%
Guard Jeremy Lamb
20%
Guard Joel Berry
20%
Forward Justise Winslow
20%
Guard Kihei Clark
20%
Forward Kris Jenkins
20%
Guard Marquis Teague
20%
Guard Matt Jones
20%
Forward Michael Kidd Gilchrist
20%
Guard Niels Giffey
20%
Forward Omari Spellman
20%
Guard Ryan Boatright
20%
Guard Wayne Blackshear
20%
Forward Alex Oriakhi
0%
Forward DeAndre Daniels
0%
Guard Doron Lamb
0%
Forward Isaiah Hicks
0%
Guard Phil Booth
0%
Forward Phillip Nolan
0%
Guard Quinn Cook
0%
Forward Roscoe Smith
0%
Forward Theo Pinson
0%
Forward Tyler Olander
0%
No matching quizzes found
Score Distribution
Percent of People with Each Score
Percentile by Number Answered
Your Score History
You have not taken this quiz